000 01101cam a2200301 a 4500
999 _c1086
_d1086
001 13751988
003 GZU
005 20200923110651.0
008 041015s2005 njua b 001 0 eng
010 _a 2004024420
020 _a0131424505 (alk. paper)
040 _aDLC
_cDLC
_dDLC
050 0 0 _aGF125
_b.KNO 2005
082 0 0 _a307.76
_222
100 1 _aKnox, Paul L.
245 1 0 _aUrbanization :
_ban introduction to urban geography /
_cPaul L. Knox and Linda McCarthy.
250 _a2nd ed.
260 _aUpper Saddle River, N.J. :
_bPearson Prentice Hall,
_cc2005.
300 _axii, 594 p. :
_bill. ;
_c29 cm.
504 _aIncludes bibliographical references and index.
650 0 _aUrban geography.
650 0 _aUrbanization.
700 1 _aMcCarthy, Linda
_q(Linda Mary)
856 4 1 _3Table of contents
_uhttp://www.loc.gov/catdir/toc/ecip052/2004024420.html
906 _a7
_bcbc
_corignew
_d1
_eecip
_f20
_gy-gencatlg
942 _2lcc
_cBK
_e2nd ed.
_h125
_iKNO
_kGF